[Event "Tradewise Gibraltar Masters 14th"]
[Site "Gibraltar"]
[Date "2016.01.31"]
[Round "6.34"]
[White "Muzychuk, Mariya"]
[Black "Santiago, Yago De Moura"]
[Result "1-0"]
[WhiteElo "2554"]
[BlackElo "2422"]
[PlyCount "127"]
[EventDate "2016.01.26"]
[EventType "swiss"]
[EventRounds "10"]
[EventCountry "GGB"]
[Source "www.saund.co.uk"]
[SourceDate "2005.02.07"]

1. d4 e6 2. c4 Nf6 3. Nc3 Bb4 4. e3 c5 5. Bd3 O-O 6. Nf3 b6 7. O-O Bb7 8. Qe2
d5 9. cxd5 exd5 10. Rd1 Qe7 11. Bd2 Ne4 12. Be1 Nd7 13. Rac1 c4 14. Bb1 f5 15.
b3 Ba3 16. Rc2 Nxc3 17. Bxc3 b5 18. bxc4 dxc4 19. d5 Bd6 20. Rb2 a6 21. Nd4 g6
22. Ne6 Nb6 23. e4 Na4 24. Rc2 Rf7 25. Ba1 fxe4 26. Qxe4 Rf5 27. Re2 c3 28. Qg4
Rf6 29. Bc2 Rc8 30. Rd4 Nb2 31. h4 Re8 32. Bb3 Rf5 33. Bxb2 cxb2 34. Rxb2 Qf6
35. Rc2 Qe5 36. Rd1 Qh2+ 37. Kf1 Kh8 38. Rc3 Qe5 39. Qd4 Qxd4 40. Nxd4 Rf6 41.
g3 b4 42. Rf3 Rxf3 43. Nxf3 Rf8 44. Kg2 a5 45. Ng5 h6 46. Ne4 Rd8 47. f3 Bf8
48. g4 a4 49. Bxa4 Rxd5 50. Rc1 Rd4 51. Bc6 Ba6 52. Be8 Bb7 53. Bxg6 Bxe4 54.
Bxe4 Rd2+ 55. Kg3 Bd6+ 56. f4 Rxa2 57. g5 hxg5 58. hxg5 b3 59. Rh1+ Kg8 60. Rd1
Bb4 61. Rd8+ Kf7 62. Rb8 Bd6 63. Bd5+ Ke7 64. Rb7+ 1-0

[Event "Tradewise Gibraltar Masters 14th"]
[Site "Gibraltar"]
[Date "2016.01.31"]
[Round "6.35"]
[White "Esserman, Marc"]
[Black "Lalith, Babu M R"]
[Result "0-1"]
[WhiteElo "2419"]
[BlackElo "2553"]
[PlyCount "124"]
[EventDate "2016.01.26"]
[EventType "swiss"]
[EventRounds "10"]
[EventCountry "GGB"]
[Source "www.saund.co.uk"]
[SourceDate "2005.02.07"]

1. e4 c6 2. d4 d5 3. exd5 cxd5 4. c4 Nf6 5. Nc3 Nc6 6. Nf3 Be6 7. c5 g6 8. Bb5
Bg7 9. Ne5 Qc8 10. O-O O-O 11. Bxc6 bxc6 12. Qa4 Bd7 13. Re1 Re8 14. h3 Qb7 15.
Bf4 Nh5 16. Bh2 Qxb2 17. Nxd7 Qxc3 18. Be5 Rec8 19. Bxg7 Kxg7 20. Rac1 Qd2 21.
g3 Qg5 22. h4 Qf5 23. Ne5 Nf6 24. f3 Rc7 25. Qc2 Qc8 26. Rb1 Rb8 27. Rxb8 Qxb8
28. Rb1 Qc8 29. Kg2 Nd7 30. Nxd7 Rxd7 31. Qd2 Rb7 32. Rxb7 Qxb7 33. h5 gxh5 34.
Qg5+ Kf8 35. Qxh5 f6 36. Qf5 Qa6 37. Qc2 Qc4 38. Qd2 Kf7 39. g4 Kg6 40. a3 e5
41. dxe5 fxe5 42. Qa5 e4 43. fxe4 Qxe4+ 44. Kg3 Qe3+ 45. Kg2 Qe7 46. Qa6 Qxc5
47. Qc8 Qc2+ 48. Kg3 Qc3+ 49. Kg2 Qb2+ 50. Kh1 Qc1+ 51. Kg2 Qd2+ 52. Kh1 Qe1+
53. Kg2 Qe4+ 54. Kh3 Qf3+ 55. Kh2 Qf6 56. Qe8+ Kg5 57. Qh5+ Kf4 58. Qxh7 Qb2+
59. Kg1 Qc1+ 60. Kg2 Qd2+ 61. Kg1 Kg3 62. Qc7+ Qf4 0-1

[Event "Tradewise Gibraltar Masters 14th"]
[Site "Gibraltar"]
[Date "2016.01.31"]
[Round "6.36"]
[White "Kosteniuk, Alexandra"]
[Black "Ben Artzi, Ido"]
[Result "1-0"]
[WhiteElo "2550"]
[BlackElo "2418"]
[PlyCount "89"]
[EventDate "2016.01.26"]
[EventType "swiss"]
[EventRounds "10"]
[EventCountry "GGB"]
[Source "www.saund.co.uk"]
[SourceDate "2005.02.07"]

1. e4 e5 2. Nf3 Nc6 3. Bb5 a6 4. Ba4 Nf6 5. O-O Be7 6. Re1 b5 7. Bb3 d6 8. c3
O-O 9. h3 Nb8 10. d4 Nbd7 11. Nbd2 Bb7 12. Bc2 Re8 13. a4 Bf8 14. Bd3 c6 15.
Qc2 Qc7 16. b4 g6 17. Bb2 Bg7 18. c4 bxa4 19. c5 exd4 20. Bxd4 d5 21. Qb2 a5
22. Rxa4 Nh5 23. Bxg7 Nxg7 24. Rc1 Ne6 25. exd5 cxd5 26. Bb5 Bc6 27. Bxc6 Qxc6
28. b5 Qc7 29. c6 Ndc5 30. Ra3 Rab8 31. Ne5 Nf4 32. Ndf3 f6 33. Ng4 Ne4 34. Re3
h5 35. Rxe4 hxg4 36. Rxe8+ Rxe8 37. b6 Qd6 38. c7 gxf3 39. c8=Q Rxc8 40. Rxc8+
Kg7 41. b7 Qe6 42. b8=Q Qe1+ 43. Kh2 fxg2 44. Q2b7+ Kh6 45. Qxf4+ 1-0

[Event "Tradewise Gibraltar Masters 14th"]
[Site "Gibraltar"]
[Date "2016.01.31"]
[Round "6.37"]
[White "Docx, Stefan"]
[Black "Muzychuk, Anna"]
[Result "1/2-1/2"]
[WhiteElo "2416"]
[BlackElo "2537"]
[PlyCount "77"]
[EventDate "2016.01.26"]
[EventType "swiss"]
[EventRounds "10"]
[EventCountry "GGB"]
[Source "www.saund.co.uk"]
[SourceDate "2005.02.07"]

1. c4 f5 2. g3 Nf6 3. Bg2 g6 4. Nc3 Bg7 5. d3 d6 6. e4 c6 7. Nge2 e5 8. O-O O-O
9. exf5 Bxf5 10. d4 Qc8 11. Bg5 Na6 12. d5 c5 13. Qd2 Nc7 14. Rae1 Qd7 15. f3
h5 16. f4 Rae8 17. fxe5 Rxe5 18. Nf4 Ng4 19. h3 Rxe1 20. Rxe1 Ne5 21. b3 a6 22.
a4 b6 23. Kh2 Kh8 24. Ne4 b5 25. axb5 axb5 26. Nd3 Nxd3 27. Qxd3 bxc4 28. bxc4
Ne8 29. Qd2 Bf6 30. Bxf6+ Nxf6 31. Qh6+ Kg8 32. Nxf6+ Rxf6 33. Ra1 Qe7 34. Ra6
Rf8 35. Qf4 Rf6 36. Qh6 Rf8 37. h4 Bd3 38. Ra3 Rf2 39. Ra8+ 1/2-1/2

[Event "Tradewise Gibraltar Masters 14th"]
[Site "Gibraltar"]
[Date "2016.01.31"]
[Round "6.38"]
[White "Cramling, Pia"]
[Black "Rydl, Jiri"]
[Result "1/2-1/2"]
[WhiteElo "2523"]
[BlackElo "2412"]
[PlyCount "115"]
[EventDate "2016.01.26"]
[EventType "swiss"]
[EventRounds "10"]
[EventCountry "GGB"]
[Source "www.saund.co.uk"]
[SourceDate "2005.02.07"]

1. Nf3 d5 2. c4 c6 3. g3 Bg4 4. Bg2 e6 5. cxd5 Bxf3 6. Bxf3 cxd5 7. O-O Nf6 8.
d4 Nc6 9. Nc3 Be7 10. e3 O-O 11. Qe2 Qd7 12. Rd1 Rfd8 13. Bd2 Ne8 14. Be1 Nd6
15. Bg2 Rac8 16. f3 Bf6 17. Bf2 Nf5 18. Kh1 Qe7 19. Rac1 a6 20. Na4 Qb4 21. Nc5
Qb6 22. a3 a5 23. Bf1 Qa7 24. Qd3 Be7 25. Qb5 Bxc5 26. Rxc5 Nd6 27. Qa4 Qb6 28.
Qc2 Qc7 29. Rc1 Qd7 30. Be1 Ra8 31. Bd3 h6 32. Kg2 Qe7 33. Qf2 Qd7 34. b3 Rdc8
35. Qc2 Qe7 36. Bd2 Qd7 37. Be1 Qd8 38. Qe2 Qd7 39. Bf2 b6 40. R5c2 Ne7 41. Be1
Rxc2 42. Rxc2 Rc8 43. Kf2 Nc6 44. Qd1 Na7 45. Rxc8+ Qxc8 46. Qc2 Qd7 47. b4 Nc6
48. bxa5 Nxa5 49. Bxa5 bxa5 50. Qc5 Qd8 51. e4 Nb7 52. Qa7 Nd6 53. e5 Nc4 54.
a4 g6 55. Qc5 Qb8 56. Bxc4 dxc4 57. Qxc4 Qb2+ 58. Ke3 1/2-1/2

[Event "Tradewise Gibraltar Masters 14th"]
[Site "Gibraltar"]
[Date "2016.01.31"]
[Round "6.39"]
[White "Satyapragyan, Swayangsu"]
[Black "Vishnu, Prasanna. V"]
[Result "1/2-1/2"]
[WhiteElo "2410"]
[BlackElo "2518"]
[PlyCount "61"]
[EventDate "2016.01.26"]
[EventType "swiss"]
[EventRounds "10"]
[EventCountry "GGB"]
[Source "www.saund.co.uk"]
[SourceDate "2005.02.07"]

1. e4 e5 2. Nf3 Nc6 3. Nc3 Nf6 4. d4 exd4 5. Nxd4 Bb4 6. Nxc6 bxc6 7. Bd3 O-O
8. O-O Re8 9. Bg5 h6 10. Bh4 g5 11. Bg3 Bxc3 12. bxc3 Nxe4 13. Qh5 d6 14. f4
Bf5 15. Bxe4 Rxe4 16. Qxh6 Re6 17. Qh5 Qf6 18. fxg5 Qg6 19. Qf3 Be4 20. Qf2
Rae8 21. Rae1 Bd5 22. Rxe6 Rxe6 23. h4 a5 24. a3 Qh5 25. Re1 Rxe1+ 26. Qxe1 Qg4
27. Kh2 Be4 28. Qd2 Qf5 29. Qf2 Qg4 30. Qd2 Qf5 31. Qf2 1/2-1/2

[Event "Tradewise Gibraltar Masters 14th"]
[Site "Gibraltar"]
[Date "2016.01.31"]
[Round "6.40"]
[White "Pichot, Alan"]
[Black "Gaponenko, Inna"]
[Result "1/2-1/2"]
[WhiteElo "2517"]
[BlackElo "2393"]
[PlyCount "85"]
[EventDate "2016.01.26"]
[EventType "swiss"]
[EventRounds "10"]
[EventCountry "GGB"]
[Source "www.saund.co.uk"]
[SourceDate "2005.02.07"]

1. e4 c5 2. Nf3 d6 3. c3 Nf6 4. Be2 Nbd7 5. d3 g6 6. O-O Bg7 7. Nbd2 O-O 8. Re1
e5 9. Bf1 Re8 10. g3 b6 11. Bg2 Bb7 12. Nc4 Qc7 13. a4 Rad8 14. Nfd2 d5 15.
exd5 Bxd5 16. Bxd5 Nxd5 17. Qb3 a6 18. Ne4 Nf8 19. Bg5 Rd7 20. Ne3 Nxe3 21.
Bxe3 Ne6 22. Qc4 Qb7 23. Ng5 b5 24. axb5 axb5 25. Qe4 Nxg5 26. Qxb7 Rxb7 27.
Bxg5 h6 28. Be3 Bf8 29. Kf1 Rd8 30. Ke2 b4 31. Red1 Rbd7 32. Rd2 f5 33. h4 Rf7
34. Ra5 bxc3 35. bxc3 Rc8 36. Rda2 f4 37. Bd2 g5 38. hxg5 hxg5 39. Ra8 Rcc7 40.
c4 g4 41. Re8 Rf5 42. Ra6 Rh7 43. Bc3 1/2-1/2

[Event "Tradewise Gibraltar Masters 14th"]
[Site "Gibraltar"]
[Date "2016.01.31"]
[Round "6.41"]
[White "Kohlweyer, Bernd"]
[Black "Sundararajan, Kidambi"]
[Result "1/2-1/2"]
[WhiteElo "2404"]
[BlackElo "2508"]
[PlyCount "75"]
[EventDate "2016.01.26"]
[EventType "swiss"]
[EventRounds "10"]
[EventCountry "GGB"]
[Source "www.saund.co.uk"]
[SourceDate "2005.02.07"]

1. d4 Nf6 2. c4 e6 3. Nc3 Bb4 4. e3 O-O 5. Nge2 d5 6. a3 Be7 7. cxd5 exd5 8.
Nf4 c6 9. Bd3 a5 10. O-O Na6 11. f3 Nc7 12. Bc2 c5 13. Kh1 b6 14. Bd2 Bd6 15.
Nfe2 Ba6 16. Rg1 Re8 17. Qe1 b5 18. dxc5 Bxc5 19. Qf2 b4 20. Na4 Ba7 21. Rge1
bxa3 22. Rxa3 Nb5 23. Raa1 Nd6 24. Nd4 Rc8 25. Bc3 Nb5 26. Nxb5 Bxb5 27. Qd2
Bb8 28. Bf5 Rc4 29. Bd3 Rh4 30. Bxb5 Rxh2+ 31. Kg1 Ne4 32. fxe4 Qh4 33. Kf1
Rh1+ 34. Ke2 Qg4+ 35. Kd3 Qxe4+ 36. Ke2 Qg4+ 37. Kd3 Qe4+ 38. Ke2 1/2-1/2

[Event "Tradewise Gibraltar Masters 14th"]
[Site "Gibraltar"]
[Date "2016.01.31"]
[Round "6.42"]
[White "Hauge, Lars Oskar"]
[Black "Zhao Xue"]
[Result "1-0"]
[WhiteElo "2388"]
[BlackElo "2506"]
[PlyCount "45"]
[EventDate "2016.01.26"]
[EventType "swiss"]
[EventRounds "10"]
[EventCountry "GGB"]
[Source "www.saund.co.uk"]
[SourceDate "2005.02.07"]

1. d4 Nf6 2. c4 e6 3. Nc3 Bb4 4. Qc2 d5 5. cxd5 exd5 6. Bg5 Qd6 7. e3 Ne4 8.
Bf4 Qg6 9. Qb3 c5 10. f3 Bxc3+ 11. bxc3 Nf6 12. Qb1 Nh5 13. Ne2 Qe6 14. Kf2 Nd7
15. g4 Nhf6 16. Ng3 g6 17. h4 h6 18. Bd3 c4 19. Bc2 Qc6 20. g5 Ng8 21. h5 hxg5
22. Bxg5 gxh5 23. Nxh5 1-0

[Event "Tradewise Gibraltar Masters 14th"]
[Site "Gibraltar"]
[Date "2016.01.31"]
[Round "6.43"]
[White "Gulamali, Kazim"]
[Black "Khotenashvili, Bela"]
[Result "1-0"]
[WhiteElo "2379"]
[BlackElo "2502"]
[PlyCount "87"]
[EventDate "2016.01.26"]
[EventType "swiss"]
[EventRounds "10"]
[EventCountry "GGB"]
[Source "www.saund.co.uk"]
[SourceDate "2005.02.07"]

1. e4 e5 2. Bc4 Nf6 3. d3 c6 4. Nf3 d5 5. Bb3 Bd6 6. Nc3 O-O 7. Bg5 d4 8. Ne2
Nbd7 9. c3 h6 10. Bc1 dxc3 11. bxc3 Nc5 12. Bc2 Bg4 13. h3 Bxf3 14. gxf3 Nh5
15. f4 exf4 16. d4 Ne6 17. e5 Bxe5 18. dxe5 Qa5 19. Qd3 g6 20. h4 Rad8 21. Qf3
Qxe5 22. Rb1 Rd7 23. Rb4 Re8 24. O-O Qf6 25. Nxf4 Nexf4 26. Bxf4 a5 27. Rc4
Qxh4 28. Kg2 Nxf4+ 29. Rxf4 Qg5+ 30. Rg4 Qe5 31. Rh1 Kg7 32. Re4 Qg5+ 33. Rg4
Qc5 34. Rxh6 Kxh6 35. Qf6 Qd5+ 36. f3 Re2+ 37. Kf1 Re1+ 38. Kxe1 Qd2+ 39. Kf1
Qc1+ 40. Kg2 Rd2+ 41. Kg3 Qg1+ 42. Kf4 Qh2+ 43. Rg3 Kh7 44. Qxf7+ 1-0

[Event "Tradewise Gibraltar Masters 14th"]
[Site "Gibraltar"]
[Date "2016.01.31"]
[Round "6.44"]
[White "Bellon Lopez, Juan Manuel"]
[Black "Aravindh, Chithambaram Vr"]
[Result "0-1"]
[WhiteElo "2376"]
[BlackElo "2500"]
[PlyCount "62"]
[EventDate "2016.01.26"]
[EventType "swiss"]
[EventRounds "10"]
[EventCountry "GGB"]
[Source "www.saund.co.uk"]
[SourceDate "2005.02.07"]

1. d4 d5 2. Nf3 Nf6 3. c4 e6 4. Nc3 Be7 5. Bg5 h6 6. Bh4 O-O 7. e3 b6 8. Qc2
Bb7 9. Bxf6 Bxf6 10. cxd5 exd5 11. g4 c5 12. O-O-O Nc6 13. h4 cxd4 14. exd4 g6
15. g5 hxg5 16. hxg5 Bxg5+ 17. Kb1 Kg7 18. a3 Qf6 19. Nxg5 Qxg5 20. Bb5 Ne7 21.
Rhg1 Qf6 22. Bd3 Rh8 23. Rde1 Rh2 24. Re2 Rah8 25. Nb5 Rh1 26. Rxh1 Rxh1+ 27.
Ka2 Nc6 28. Nc7 Qf4 29. Nxd5 Qd6 30. Be4 Nxd4 31. Nc7 Ra1+ 0-1

[Event "Tradewise Gibraltar Masters 14th"]
[Site "Gibraltar"]
[Date "2016.01.31"]
[Round "6.45"]
[White "Christiansen, Johan-Sebastian"]
[Black "Tarjan, James E"]
[Result "1/2-1/2"]
[WhiteElo "2374"]
[BlackElo "2478"]
[PlyCount "105"]
[EventDate "2016.01.26"]
[EventType "swiss"]
[EventRounds "10"]
[EventCountry "GGB"]
[Source "www.saund.co.uk"]
[SourceDate "2005.02.07"]

1. c4 Nf6 2. Nf3 e6 3. g3 b6 4. Bg2 Bb7 5. O-O Be7 6. Nc3 O-O 7. d4 Na6 8. a3
Ne4 9. Qd3 Nxc3 10. Qxc3 c5 11. d5 exd5 12. cxd5 Bxd5 13. Rd1 Nc7 14. Bf4 Bc6
15. Ne5 Bxg2 16. Rxd7 Nd5 17. Qd2 Qe8 18. Kxg2 Nxf4+ 19. gxf4 Bf6 20. Qd5 Bxe5
21. fxe5 Rd8 22. Rxd8 Qxd8 23. Rd1 Qg5+ 24. Kh1 Qf5 25. Kg1 h5 26. Rd3 Re8 27.
Rf3 Qb1+ 28. Kg2 Re6 29. b3 Kh7 30. Rd3 Qc2 31. Qe4+ Rg6+ 32. Kf3 Qb1 33. Qh4
Qh1+ 34. Ke3 Qc1+ 35. Kf3 Rg5 36. Qf4 Qxf4+ 37. Kxf4 Rg2 38. Rd7 Rxf2+ 39. Ke3
Rf5 40. Ke4 Kg6 41. Rxa7 Rf2 42. Rb7 Rxh2 43. Rxb6+ Kg5 44. Kf3 Kf5 45. Rb7 Ke6
46. a4 Rh1 47. a5 Ra1 48. Ke4 h4 49. Rb6+ Ke7 50. Rb7+ Ke6 51. Rb6+ Kd7 52.
Rb7+ Ke6 53. Rb6+ 1/2-1/2

[Event "Tradewise Gibraltar Masters 14th"]
[Site "Gibraltar"]
[Date "2016.01.31"]
[Round "6.46"]
[White "Herman, Matthew J"]
[Black "Kashlinskaya, Alina"]
[Result "0-1"]
[WhiteElo "2370"]
[BlackElo "2462"]
[PlyCount "80"]
[EventDate "2016.01.26"]
[EventType "swiss"]
[EventRounds "10"]
[EventCountry "GGB"]
[Source "www.saund.co.uk"]
[SourceDate "2005.02.07"]

1. e4 e6 2. d4 d5 3. Nc3 Nf6 4. e5 Nfd7 5. Nce2 c5 6. c3 Nc6 7. f4 Be7 8. Nf3
O-O 9. g3 b5 10. h4 b4 11. Qd3 bxc3 12. Ng5 f5 13. bxc3 Nb6 14. g4 cxd4 15.
gxf5 exf5 16. Qf3 h6 17. cxd4 hxg5 18. hxg5 Qe8 19. Be3 Nb4 20. Kf2 Qg6 21. Nc3
Bd7 22. Be2 Rfc8 23. Rac1 Be8 24. Qh3 Bd7 25. a3 Nc6 26. Qg2 Bxa3 27. Nb5 Bxc1
28. Bxc1 Nxe5 29. dxe5 Bxb5 30. Bxb5 Rc2+ 31. Be2 Rac8 32. Be3 d4 33. Kg3 dxe3
34. e6 Qxe6 35. Qh3 Kf8 36. Qh7 Rxe2 37. Rh6 gxh6 38. Qh8+ Ke7 39. Qg7+ Kd6 40.
Qd4+ Nd5 0-1

[Event "Tradewise Gibraltar Masters 14th"]
[Site "Gibraltar"]
[Date "2016.01.31"]
[Round "6.47"]
[White "Carlstedt, Jonathan"]
[Black "Solomon, Kenny"]
[Result "1/2-1/2"]
[WhiteElo "2461"]
[BlackElo "2390"]
[PlyCount "123"]
[EventDate "2016.01.26"]
[EventType "swiss"]
[EventRounds "10"]
[EventCountry "GGB"]
[Source "www.saund.co.uk"]
[SourceDate "2005.02.07"]

1. c4 Nf6 2. g3 e5 3. Bg2 d5 4. cxd5 Nxd5 5. Nc3 Nb6 6. Nf3 Nc6 7. O-O Be7 8.
d3 O-O 9. Be3 Be6 10. Rc1 f6 11. d4 exd4 12. Nxd4 Nxd4 13. Qxd4 Qxd4 14. Bxd4
c6 15. b3 Rfd8 16. Be3 Nd5 17. Nxd5 Bxd5 18. Rfd1 Be6 19. Be4 a5 20. Bd3 Ba3
21. Rb1 b5 22. Be4 Rxd1+ 23. Rxd1 Rc8 24. f4 f5 25. Bd3 Rb8 26. Bc2 g6 27. Ba7
Ra8 28. Bb6 Bd5 29. h3 Kf7 30. Kf2 Be7 31. g4 Bh4+ 32. Kf1 Ke6 33. Rd3 Be4 34.
Rd2 Bd5 35. Bc5 Rd8 36. Bd3 Ra8 37. g5 a4 38. Bc2 axb3 39. Bxb3 Rd8 40. Rd3 Rd7
41. Re3+ Kf7 42. Bxd5+ Rxd5 43. Re7+ Kg8 44. Re8+ Kf7 45. Re7+ Kf8 46. Be3 c5
47. Rc7 c4 48. Bf2 Rd1+ 49. Kg2 Bxf2 50. Kxf2 Ra1 51. Rc5 Rxa2 52. Rxb5 Ra3 53.
Rb8+ Kf7 54. Rb7+ Kg8 55. Kg2 Re3 56. Rb2 Kf7 57. Rc2 c3 58. h4 Ke6 59. Kf2 Rh3
60. Kg2 Re3 61. Kf2 Rh3 62. Kg2 1/2-1/2

[Event "Tradewise Gibraltar Masters 14th"]
[Site "Gibraltar"]
[Date "2016.01.31"]
[Round "6.48"]
[White "Pogonina, Natalija"]
[Black "Galinsky, Timofey"]
[Result "1/2-1/2"]
[WhiteElo "2454"]
[BlackElo "2379"]
[PlyCount "83"]
[EventDate "2016.01.26"]
[EventType "swiss"]
[EventRounds "10"]
[EventCountry "GGB"]
[Source "www.saund.co.uk"]
[SourceDate "2005.02.07"]

1. e4 e6 2. d4 d5 3. Nd2 Nc6 4. Ngf3 Nf6 5. e5 Nd7 6. Bd3 Nb4 7. Be2 c5 8. c3
Nc6 9. O-O Be7 10. Nb3 c4 11. Nbd2 b5 12. b3 Bb7 13. a4 a6 14. Ba3 O-O 15. Qc1
Rc8 16. Qb2 Bxa3 17. Rxa3 b4 18. cxb4 c3 19. Qxc3 Qe7 20. Qb2 Nxb4 21. Raa1 Rc2
22. Qa3 Rfc8 23. Rfc1 Nb8 24. Bd1 R2c3 25. Rxc3 Rxc3 26. a5 Kf8 27. Rb1 Nd3 28.
Qxe7+ Kxe7 29. Kf1 Bc6 30. Ne1 Bb5 31. Be2 Nc6 32. Ndf3 Nxe1 33. Kxe1 Nxa5 34.
Bxb5 axb5 35. Ra1 Nxb3 36. Ra7+ Ke8 37. Rb7 Rc4 38. Rxb5 Nxd4 39. Rb8+ Kd7 40.
Nxd4 Rxd4 41. Rb7+ Ke8 42. Rb8+ 1/2-1/2

[Event "Tradewise Gibraltar Masters 14th"]
[Site "Gibraltar"]
[Date "2016.01.31"]
[Round "6.49"]
[White "Kavutskiy, Konstantin"]
[Black "Salomon, Johan"]
[Result "1-0"]
[WhiteElo "2360"]
[BlackElo "2444"]
[PlyCount "113"]
[EventDate "2016.01.26"]
[EventType "swiss"]
[EventRounds "10"]
[EventCountry "GGB"]
[Source "www.saund.co.uk"]
[SourceDate "2005.02.07"]

1. d4 e6 2. c4 f5 3. g3 Nf6 4. Bg2 c6 5. Nd2 d5 6. Nh3 Be7 7. Qc2 O-O 8. O-O
Na6 9. a3 Ne4 10. f3 Nxd2 11. Bxd2 Bf6 12. cxd5 cxd5 13. e3 Qb6 14. Bc3 Bd7 15.
Nf4 Rac8 16. Rfe1 Rfe8 17. Qd2 Nb8 18. Nd3 Qd8 19. e4 fxe4 20. fxe4 dxe4 21.
Nc5 Bc6 22. Nxe4 Bd5 23. Qf4 Rf8 24. Qg4 Nc6 25. Rad1 b6 26. Rf1 Kh8 27. Nxf6
gxf6 28. Rde1 Bxg2 29. Kxg2 Qd5+ 30. Qe4 Kg7 31. Qxd5 exd5 32. Rf5 Rcd8 33. Re6
Na5 34. Bb4 Rfe8 35. Rexf6 Rd7 36. Bf8+ Rxf8 37. Rxf8 Nc6 38. Re8 Nxd4 39. Rff8
Ne6 40. Rf1 Nc7 41. Re5 d4 42. Rd1 Kf6 43. Re4 Ne6 44. Rf1+ Ke7 45. Rfe1 Rd6
46. Kf3 d3 47. Rxe6+ Rxe6 48. Rxe6+ Kxe6 49. Ke3 Kf5 50. h3 d2 51. Kxd2 Ke4 52.
Ke2 b5 53. b4 Kd4 54. g4 Ke4 55. Kf2 Kf4 56. Kg2 a6 57. Kf2 1-0

[Event "Tradewise Gibraltar Masters 14th"]
[Site "Gibraltar"]
[Date "2016.01.31"]
[Round "6.50"]
[White "Shytaj, Luca"]
[Black "Bitensky, Igor"]
[Result "1/2-1/2"]
[WhiteElo "2443"]
[BlackElo "2362"]
[PlyCount "76"]
[EventDate "2016.01.26"]
[EventType "swiss"]
[EventRounds "10"]
[EventCountry "GGB"]
[Source "www.saund.co.uk"]
[SourceDate "2005.02.07"]

1. e4 e5 2. Nf3 Nc6 3. Bc4 Nf6 4. d3 Be7 5. a3 O-O 6. Nc3 d6 7. h3 Be6 8. Bg5
Nd4 9. Bxf6 Bxf6 10. O-O c6 11. Re1 Qd7 12. Nxd4 exd4 13. Ne2 d5 14. exd5 Bxd5
15. Bxd5 Qxd5 16. Nf4 Qf5 17. Qf3 Rae8 18. Re4 Rxe4 19. dxe4 Qb5 20. Nd3 Qc4
21. Qe2 Re8 22. f4 g6 23. Rf1 Bg7 24. e5 f6 25. Qg4 f5 26. Qe2 Qd5 27. Re1 c5
28. c4 dxc3 29. bxc3 Qc4 30. Qf3 Rd8 31. Nf2 h5 32. h4 Bh6 33. g3 Qd5 34. Qe2
Qd2 35. Qc4+ Qd5 36. Qe2 Qd2 37. Qc4+ Qd5 38. Qe2 Qd2 1/2-1/2

[Event "Tradewise Gibraltar Masters 14th"]
[Site "Gibraltar"]
[Date "2016.01.31"]
[Round "6.51"]
[White "Byron, Alan M"]
[Black "Stark, Lars"]
[Result "0-1"]
[WhiteElo "2175"]
[BlackElo "2440"]
[PlyCount "136"]
[EventDate "2016.01.26"]
[EventType "swiss"]
[EventRounds "10"]
[EventCountry "GGB"]
[Source "www.saund.co.uk"]
[SourceDate "2005.02.07"]

1. e4 e6 2. d4 d5 3. Nd2 Nc6 4. Ngf3 Nf6 5. e5 Nd7 6. Nb3 a5 7. a4 b6 8. Ng5
Qe7 9. c3 h6 10. Nh3 Bb7 11. Bd2 g6 12. Be2 Bg7 13. O-O O-O 14. f4 Qe8 15. Nc1
Ne7 16. Bd3 c5 17. Ne2 Qc8 18. g4 Ba6 19. Bxa6 Qxa6 20. Be3 f5 21. exf6 Nxf6
22. Nf2 Rac8 23. h3 Ne4 24. Qd3 Qxd3 25. Nxd3 cxd4 26. Bxd4 Nc5 27. Bxg7 Kxg7
28. Ne5 Nc6 29. Nxc6 Rxc6 30. Nd4 Rd6 31. Rf3 Kg8 32. Kg2 g5 33. fxg5 hxg5 34.
Rxf8+ Kxf8 35. Nf3 Ne4 36. Rf1 Kg8 37. Rd1 Kg7 38. Rf1 Kf6 39. Nd4+ Kg7 40. Nf3
Rd7 41. Nd4 Re7 42. Re1 Re8 43. Nf3 Rc8 44. Rd1 Kf6 45. Rf1 Kg7 46. Rd1 Kg6 47.
Rf1 Rc7 48. Nd4 Nc5 49. Re1 Kf6 50. Rf1+ Ke7 51. h4 gxh4 52. Re1 Ne4 53. Rh1
Rc4 54. Rxh4 Ng5 55. Rh6 Kf7 56. Rh8 e5 57. Nb5 Rxg4+ 58. Kf1 Rxa4 59. Rb8 Ke6
60. Rxb6+ Kf5 61. Nd6+ Kf4 62. Ke2 Ra2 63. Rb5 a4 64. Rxd5 a3 65. Rd1 Rxb2+ 66.
Kd3 e4+ 67. Nxe4 Nxe4 68. Ra1 a2 0-1

[Event "Tradewise Gibraltar Masters 14th"]
[Site "Gibraltar"]
[Date "2016.01.31"]
[Round "6.52"]
[White "Xu, Xiangyu"]
[Black "Mihajlov, Sebastian"]
[Result "1-0"]
[WhiteElo "2466"]
[BlackElo "2335"]
[PlyCount "61"]
[EventDate "2016.01.26"]
[EventType "swiss"]
[EventRounds "10"]
[EventCountry "GGB"]
[Source "www.saund.co.uk"]
[SourceDate "2005.02.07"]

1. e4 e6 2. d4 d5 3. Nc3 Nf6 4. e5 Nfd7 5. f4 c5 6. Nf3 Nc6 7. Be3 h6 8. f5
cxd4 9. Nxd4 Ndxe5 10. fxe6 Bxe6 11. Nxe6 fxe6 12. Qh5+ g6 13. Qh3 Qf6 14.
O-O-O Qf5 15. Qg3 O-O-O 16. Be2 g5 17. Rhf1 Qg6 18. Nb5 a6 19. Na7+ Nxa7 20.
Bxa7 Bg7 21. Bd4 Nc6 22. Bxg7 Qxg7 23. Bg4 Rhe8 24. Rde1 Nd4 25. c3 h5 26. Bxh5
Qh7 27. Bd1 Nf5 28. Qe5 Qh4 29. h3 Qc4 30. Bg4 b6 31. Bh5 1-0

[Event "Tradewise Gibraltar Masters 14th"]
[Site "Gibraltar"]
[Date "2016.01.31"]
[Round "6.53"]
[White "Fodor, Tamas Jr"]
[Black "Zwahr, Paul"]
[Result "1-0"]
[WhiteElo "2500"]
[BlackElo "2333"]
[PlyCount "109"]
[EventDate "2016.01.26"]
[EventType "swiss"]
[EventRounds "10"]
[EventCountry "GGB"]
[Source "www.saund.co.uk"]
[SourceDate "2005.02.07"]

1. d4 Nf6 2. Bg5 Ne4 3. Bf4 d5 4. e3 c5 5. Bd3 cxd4 6. Bxe4 dxe4 7. exd4 Nc6 8.
c3 e5 9. dxe5 Qxd1+ 10. Kxd1 Bf5 11. Ne2 O-O-O+ 12. Nd2 Bc5 13. Ng3 Bg6 14. Ke2
Rhe8 15. b4 Bf8 16. Nc4 b5 17. Nd6+ Bxd6 18. exd6 Ne5 19. Bxe5 Rxe5 20. Rhd1
Re6 21. h4 f5 22. Ke3 h5 23. Rd4 Rdxd6 24. Rad1 Rxd4 25. Rxd4 Rc6 26. Kf4 Rxc3
27. Rd6 e3 28. fxe3 Rc4+ 29. e4 Be8 30. Nxf5 Rxb4 31. a3 Ra4 32. Nxg7 Bf7 33.
Rd3 a5 34. Nf5 Kb8 35. Nd6 Bg6 36. Rg3 Bh7 37. Rg7 Bxe4 38. Nxe4 Rxa3 39. Rg5
Rb3 40. Nd6 Rb4+ 41. Kg3 Kc7 42. Nxb5+ Kb6 43. Nd6 a4 44. Nc8+ Ka6 45. Rg7 Rb7
46. Rg6+ Ka5 47. Nd6 Ra7 48. Rg5+ Kb4 49. Rb5+ Kc3 50. Rxh5 Ra6 51. Nb5+ Kb4
52. Rg5 Ra5 53. Nd4 Ra8 54. h5 Rc8 55. Nb5 1-0

[Event "Tradewise Gibraltar Masters 14th"]
[Site "Gibraltar"]
[Date "2016.01.31"]
[Round "6.54"]
[White "Lei, Tingjie"]
[Black "Lombaers, Peter"]
[Result "1-0"]
[WhiteElo "2474"]
[BlackElo "2328"]
[PlyCount "73"]
[EventDate "2016.01.26"]
[EventType "swiss"]
[EventRounds "10"]
[EventCountry "GGB"]
[Source "www.saund.co.uk"]
[SourceDate "2005.02.07"]

1. d4 f5 2. Bg5 g6 3. Nc3 Bg7 4. e3 Nf6 5. h4 h6 6. Bxf6 Bxf6 7. Nge2 d6 8. Nf4
Kf7 9. Bc4+ e6 10. Qf3 c6 11. h5 g5 12. Ng6 Kg8 13. O-O-O d5 14. Bd3 Kg7 15. g4
fxg4 16. Qxg4 e5 17. Bf5 Bxf5 18. Qxf5 Qd7 19. Qf3 e4 20. Qg2 Qe6 21. f3 exf3
22. Qxf3 Nd7 23. e4 dxe4 24. Nxe4 Rae8 25. Rhe1 Qxa2 26. Qg4 Nb6 27. Nxf6 Qa1+
28. Kd2 Nc4+ 29. Kc3 Qxb2+ 30. Kd3 Qa3+ 31. c3 Re3+ 32. Rxe3 Nxe3 33. Kxe3
Qxc3+ 34. Kf2 Kxf6 35. Rf1 Rd8 36. Kg2+ Kg7 37. Qe6 1-0